LEADER 03206 am 22007333u 450 001 9910348240303321 005 20190329172424.0 010 $a1-135-30010-0 010 $a1-135-30011-9 010 $a1-280-14641-9 010 $a9786610146413 010 $a0-203-98526-5 024 7 $a10.4324/9780203985267 035 $a(CKB)1000000000248786 035 $a(EBL)243144 035 $a(OCoLC)456027792 035 $a(SSID)ssj0000129305 035 $a(PQKBManifestationID)12035146 035 $a(PQKBTitleCode)TC0000129305 035 $a(PQKBWorkID)10079051 035 $a(PQKB)10167561 035 $a(SSID)ssj0000375836 035 $a(PQKBManifestationID)11298933 035 $a(PQKBTitleCode)TC0000375836 035 $a(PQKBWorkID)10327108 035 $a(PQKB)11674446 035 $a(MiAaPQ)EBC243144 035 $a(OCoLC)826516335 035 $a(EXLCZ)991000000000248786 100 $a20180331d1999 uy 0 101 0 $aeng 135 $aur|n|---||||| 181 $ctxt 182 $cc 183 $acr 200 10$aConstructing suburbs $ecompeting voices in a debate over urban growth /$fAnn Forsyth 210 1$aAustralia :$cGordon and Breach Publishers, an imprint of Overseas Publishers Association,$d1999. 215 $a1 online resource (214 p.) 225 1 $aCities and regions: planning, policy and management ;$vv. 2 300 $aDescription based upon print version of record. 311 $a90-5700-526-3 311 $a90-5700-527-1 320 $aIncludes bibliographical references and index. 327 $aBook Cover; Half-Title; Title; Copyright; Contents; Illustrations; Introduction to the Series; Acknowledgments; Introduction; CHAPTER ONE Big Projects in a Time of Uncertainty: Facing the Future in a Contemporary Urban Development; CHAPTER TWO Five Images of a Suburb: Competing Perspectives on the Economy, Environment, and Family Life; CHAPTER THREE Visual Rhetorics in Growth Debates: Sydney's Future as a Los Angeles, Toronto, or Canberra; CHAPTER FOUR Formal Planning Processes: The Privileged Language of Professional Planning 327 $aCHAPTER FIVE Hard and Soft Privatization: Unequal Impacts of Government WithdrawalCHAPTER SIX Urban Development and the Power of Ideas; Abbreviations; Chronology; References; Index; 330 $aExamining the debate between activists and professional planners over the vision of the future of a large growth corridor in Sydney, Australia, this case study maps the history of development from the late-1960s to the mid-1990s, during which time serious environmental and financial problems arose. 410 0$aCities and regions ;$vv. 2. 606 $aCities and towns$xGrowth$vCase studies 606 $aCity planning$vCase studies 606 $aSuburbs$vCase studies 608 $aElectronic books. 615 0$aCities and towns$xGrowth 615 0$aCity planning 615 0$aSuburbs 676 $a307.76 676 $a711.58 700 $aForsyth$b Ann$f1963,$0918232 801 0$bMiAaPQ 801 1$bMiAaPQ 801 2$bMiAaPQ 906 $aBOOK 912 $a9910348240303321 996 $aConstructing suburbs$92058870 997 $aUNINA LEADER 04499nam 2201045z- 450 001 9910557396803321 005 20210501 035 $a(CKB)5400000000041929 035 $a(oapen)https://directory.doabooks.org/handle/20.500.12854/68410 035 $a(oapen)doab68410 035 $a(EXLCZ)995400000000041929 100 $a20202105d2021 |y 0 101 0 $aeng 135 $aurmn|---annan 181 $ctxt$2rdacontent 182 $cc$2rdamedia 183 $acr$2rdacarrier 200 00$aTourism, Smart Specialization and Sustainable Development 210 $aBasel, Switzerland$cMDPI - Multidisciplinary Digital Publishing Institute$d2021 215 $a1 online resource (202 p.) 311 08$a3-03943-671-6 311 08$a3-03943-672-4 330 $aThis Special Issue addresses relations between tourism activities, smart specialization strategies, and sustainable development at different territorial levels, including the local, regional, national, and international. Framed by appropriate conceptual frameworks to define the contemporary dynamics of innovation in tourism, case studies supported by advanced quantitative methods and developed in rural and urban areas of Asia, Europe, and Africa are presented and discussed. The concept of smart specialization inspires the formulation of regional innovation policies and strategies, emphasizing the importance of endogenous resources and existing territorial capabilities. By exploring the diversity and variety of each economy to develop inter-sectoral relations, this approach aims at promoting the creation of spillover effects of innovation processes supported by adequate key enabling technologies, potentially leading to the sustainable development of places, regions, and countries. As an activity that mobilizes contributions from different economic sectors, tourism may play a central role in such strategies. As described and discussed in this Special Issue, aspects related to the creative sectors of economies, information and communication technologies, traditional products and lifestyles, food production, or diverse cultural values can be mobilized to generate innovative and sustainable solutions for tourism development. 606 $aTechnology: general issues$2bicssc 610 $aaccessible tourism for all 610 $aChina-ASEAN 610 $acluster analysis 610 $acompetitiveness 610 $acooperation structure 610 $acultural mediating effects 610 $adestination 610 $adisability equality 610 $aDPSIR 610 $adriving factors 610 $aexperience design 610 $afactor analysis 610 $afuzzy numbers 610 $agamification 610 $agastronomy tourism 610 $agovernance 610 $ahalal industry 610 $ahalal tourism 610 $ahappiness 610 $aindicators 610 $ainnovation 610 $aIslamic finance 610 $alife-cycle 610 $alivelihood sustainability index 610 $aMaasai Mara 610 $aMediterranean 610 $amobile application 610 $anature interpretation 610 $anetwork 610 $aorientation signage 610 $apanel data 610 $aPodhale region 610 $aproximity 610 $aregional cuisine 610 $aregional tourism 610 $arelatedness 610 $arevisit intention 610 $arural ecological environment 610 $arural revitalization strategy 610 $arural tourism 610 $asmart specialization 610 $asmart tourism 610 $asmart tourism technology experience 610 $asocial sustainability 610 $aspecialization 610 $asustainability 610 $asustainability indicators 610 $asustainable livelihoods 610 $asustainable tourism development 610 $aTOPSIS 610 $atour guiding 610 $atourism cooperation 610 $atourism policy 610 $atourist satisfaction 610 $aTrabzon 610 $atraditional and regional products 610 $avisitor codes 610 $avisitor management 610 $avisual impairment 615 7$aTechnology: general issues 700 $aRomão$b João$4edt$01065111 702 $aRomão$b João$4oth 906 $aBOOK 912 $a9910557396803321 996 $aTourism, Smart Specialization and Sustainable Development$93038517 997 $aUNINA LEADER 03255oam 2200709I 450 001 9910960370803321 005 20251117064351.0 010 $a0-429-91619-1 010 $a0-429-90196-8 010 $a0-429-47719-8 010 $a1-282-90043-9 010 $a9786612900433 010 $a1-84940-259-0 024 7 $a10.4324/9780429477195 035 $a(CKB)2670000000060070 035 $a(EBL)690118 035 $a(OCoLC)726747569 035 $a(SSID)ssj0000485855 035 $a(PQKBManifestationID)12147769 035 $a(PQKBTitleCode)TC0000485855 035 $a(PQKBWorkID)10423712 035 $a(PQKB)10148973 035 $a(MiAaPQ)EBC690118 035 $a(Au-PeEL)EBL690118 035 $a(CaPaEBR)ebr10428153 035 $a(CaONFJC)MIL290043 035 $a(OCoLC)1029496555 035 $a(OCoLC)41130235 035 $a(FINmELB)ELB145891 035 $a(iGPub)KARNAB0000315 035 $a(EXLCZ)992670000000060070 100 $a20180706d1998 uy 0 101 0 $aeng 135 $aurcn||||||||| 181 $ctxt 182 $cc 183 $acr 200 00$aMemory in dispute /$fedited by Valerie Sinason ; foreword by Peter Fonagy 205 $a1st ed. 210 $aLondon $cKarnac Books$d1998 210 1$aLondon :$cKarnac Books,$d1998. 215 $a1 online resource (233 p.) 300 $aDescription based upon print version of record. 311 08$a0-367-32556-X 311 08$a1-85575-122-4 320 $aIncludes bibliographical references and index. 327 $aCOVER; CONTENTS; ABOUT THE CONTRIBUTORS; FOREWORD; Introduction; CHAPTER ONE-Flying by twilight: when adults recover memories of abuse in childhood; CHAPTER TWO-"Children are liars aren't they?"- an exploration of denial processes in child abuse; CHAPTER THREE-Trauma, skin: memory, speech; CHAPTER FOUR-The psychoanalytic concept of repression : historical and empirical perspectives; CHAPTER FIVE-False memory syndrome; CHAPTER SIX-"What if I should die?"; CHAPTER SEVEN-False memory syndrome movements: the origins and the promoters 327 $aCHAPTER Eight-Serving two masters: a patient, a therapist, and an allegation of sexual abuse CHAPTER NINE-Syndrome it is, false or repressed memories?; CHAPTER TEN-Terror in the consulting-room- memory, trauma, and dissociation; CHAPTER ELEVEN-Recovered memories: shooting the messenger; CHAPTER TWELVE-False memory syndrome- false therapy syndrome; CHAPTER THIRTEEN-How can we remember but be unable to recall? The complex functions of multi-modular memory; CHAPTER FOURTEEN-Objective fact and psychological truth: some thoughts on "recovered memory"; REFERENCES AND BIBLIOGRAPHY; INDEX 330 $aA much-needed and valuable book written by clinicians experienced in working with individuals suffering from the trauma of recovered memory. 606 $aFalse memory syndrome 606 $aRecovered memory 615 0$aFalse memory syndrome. 615 0$aRecovered memory. 676 $a616.85/822390651 701 $aFonagy$b Peter$0172440 701 $aSinason$b Valerie$f1946-$01882044 801 0$bFlBoTFG 801 1$bFlBoTFG 906 $aBOOK 912 $a9910960370803321 996 $aMemory in dispute$94497794 997 $aUNINA